000 00789nam a22002057a 4500
999 _c13126
_d13126
003 AR-CdUCM
008 190411b ||||| |||| 00| 0 spa d
040 _aMUNICIPALIDAD PROVINCIAL DEL CUSCO
_cBIBLIOTECA MUNICIPAL DEL CUSCO
082 _aEP / 808.06 /
_bB73
100 _aBone, Emily
_930395
245 _aConoce por dentro :
_bExploraciones y descubrimientos /
260 _aChina :
_bUsborne,
_c2015.
300 _a15 páginas ;
_c28 cm.
505 _aContenido :Los primeros exploradores -- Grandes travesías -- Al otro lado del océano -- Sed de conocimientos -- Viaje al interior ...
650 _aHistoria universal
_91423
650 _aLiteratura infantil
_9588
700 _aAlonso de la Sierra, Gemma (traductora)
_930397
942 _2ddc
_cLIBROS
945 _arum
_d2019-04-11